• 首页
  • 本馆介绍
  • 公告通知
  • 最新文献
  • 馆藏检索
  • 电子资源
  • 读者导购
  • 参考咨询
  • 我的图书馆
  • 登录
  • 详细信息显示
  • 放入我的书架
  • 预约/预借图书
  • 作者相关作品
  • 分类相关作品
  • 丛书相关作品
  • 出版社相关作品

书目信息

  • 表格格式
  • 工作单格式
  • 卡片格式
题名:
温润如玉 向阳而生
    
 
作者: 高玉库 主编
分册:  
出版信息: 长春   东北师范大学出版社  2022
页数: 192页
开本: 24cm
丛书名: 名师名校名校长书系
单 册:
中图分类: G63-53 , G63
科图分类:
主题词: 中学教育--文集
电子资源:
ISBN: 978-7-5681-7410-7
000 01467oam2 2200277 450
001 2376421176
005 20231022211353.02
010    @a978-7-5681-7410-7@dCNY45.00
100    @a20220920d2022 em y0chiy50 ea
101 0  @achi
102    @aCN@b220000
105    @aa z 000yy
200 1  @a温润如玉 向阳而生@Awen run ru yu xiang yang er sheng@e深圳二高教育故事集@f高玉库主编
210    @a长春@c东北师范大学出版社@d2022
215    @a192页@c图@d24cm
225 2  @a名师名校名校长书系
314    @a高玉库,深圳市第二高级中学党委书记、校长,全国优秀教师、数学特级教师、广东省名校长工作室主持人。
330    @a三尺讲台,两袖清风,一心育人,脚步匆匆。教师不是蜡烛,是名灯,照亮了学生远大前程,也照亮自我生命的天穹;教师不是粉笔,是浓墨,书写学生成长的故事,也演绎自我灿烂的人生。讲述温润如玉的教育故事,引导向阳而生的生命形态,这是本书成书的初衷,也是笔者作为教育者的热望。本书从学生、家长、老师三个层面,挖掘源自于生活的教育故事,叙之以流传,传之以动人。情思动人,每一个故事能引出一段触及心灵的乐章;才智感人,每一段乐章都拥有启迪心智的力量;德行育人,每一种力量都激励着生命的成长。生命当温润如玉,向阳而生,学生如此,教师亦如此。本书将为身处教学一线的同行们以身临其境的体悟,也将开启一个丰富而生动的世界。
410  0 @12001 @a名师名校名校长书系
517 1  @a深圳二高教育故事集@Ashen zhen er gao jiao yu gu shi ji
606 0  @a中学教育@j文集
690    @aG63-53@v5
690    @aG63@v4
701  0 @a高玉库@Agao yu ku@4主编
801  0 @aCN@b91MARC@c20221115
905    @aZUCC@dG63@e39
    
    温润如玉 向阳而生:深圳二高教育故事集/高玉库主编.-长春:东北师范大学出版社,2022
    192页:图;24cm.-(名师名校名校长书系)
    
    
    ISBN 978-7-5681-7410-7:CNY45.00
    三尺讲台,两袖清风,一心育人,脚步匆匆。教师不是蜡烛,是名灯,照亮了学生远大前程,也照亮自我生命的天穹;教师不是粉笔,是浓墨,书写学生成长的故事,也演绎自我灿烂的人生。讲述温润如玉的教育故事,引导向阳而生的生命形态,这是本书成书的初衷,也是笔者作为教育者的热望。本书从学生、家长、老师三个层面,挖掘源自于生活的教育故事,叙之以流传,传之以动人。情思动人,每一个故事能引出一段触及心灵的乐章;才智感人,每一段乐章都拥有启迪心智的力量;德行育人,每一种力量都激励着生命的成长。生命当温润如玉,向阳而生,学生如此,教师亦如此。本书将为身处教学一线的同行们以身临其境的体悟,也将开启一个丰富而生动的世界。
●
相关链接 在五车中查询图书 在当当中查询图书 在豆瓣中查询图书


正题名:温润如玉 向阳而生     索取号:G63/39         预约/预借

序号 登录号 条形码 馆藏地/架位号 状态 备注
1 2001034005   2001034005   第四书库/四007架B面7层2列/ [索取号:G63/39] 在馆    
2 2001034006   2001034006   第四书库/四007架B面7层2列/ [索取号:G63/39] 在馆    
3 2001034007   2001034007   第四书库/四007架B面7层2列/ [索取号:G63/39] 在馆    
4 2001034008   2001034008   第四书库/四007架B面7层2列/ [索取号:G63/39] 在馆    
5 2001034009   2001034009   第四书库/四007架B面7层2列/ [索取号:G63/39] 在馆    
6 2001034010   2001034010   第四书库/四007架B面7层2列/ [索取号:G63/39] 在馆    
山东省滨州职业学院图书馆 欢迎您!
大连网信软件有限公司© 版权所有